000 01505cam a2200349 i 4500
001 12171084
003 EG-ScBUE
005 20241106095123.0
008 000912t2001 nyua f b 001 0 eng d
020 _a0387951466 (alk. paper)
020 _a9780387951461
040 _aDLC
_beng
_erda
_cDLC
_dDLC
_dEG-ScBUE
082 0 0 _a519.282
_222
_bSEQ
245 0 0 _aSequential Monte Carlo methods in practice /
_cArnaud Doucet, Nando de Freitas, Neil Gordon, editors ; foreword by Adrian Smith.
264 1 _aNew York :
_bSpringer,
_c[2001]
264 4 _cc2001
300 _axxvii, 581 pages :
_billustrations ;
_c24 cm.
336 _2rdacontent
_atext
_btxt
337 _aunmediated
_2rdamedia
_bn
338 _avolume
_bnc
_2rdacarrier
490 0 _aStatistics for engineering and information science
504 _aIncludes bibliographical references and index.
650 7 _aMonte Carlo method.
_2BUEsh
_96835
655 _vReading book
700 1 _aDoucet, Arnaud,
_eeditor.
_96836
700 1 _aDe Freitas, Nando,
_eeditor.
_96837
700 1 _aGordon, Neil,
_d1967-
_eeditor.
_96838
856 4 2 _3Publisher description
_uhttp://www.loc.gov/catdir/enhancements/fy0818/00047093-d.html
856 4 1 _3Table of contents only
_uhttp://www.loc.gov/catdir/enhancements/fy0818/00047093-t.html
942 _2ddc
_cBB
999 _c12007
_d12007